| 000 | 00775 a2200181 4500 | ||
|---|---|---|---|
| 999 |
_c4853 _d4853 |
||
| 020 | _a0962297305 : | ||
| 050 | 0 | 0 | _aPK6480 RUM 1989 |
| 100 | 0 |
_a _d1207-1273. _eauthor |
|
| 245 | 1 | 0 |
_aLove's fire : _b _c[translated by] Andrew Harvey. |
| 264 |
_aNew York: _bMeeramma, _c1989. |
||
| 300 | _a108 p. ; | ||
| 500 | _a | ||
| 500 | _a"First published 1988 by Jonathan Cape, London"--T.p. verso. | ||
| 650 | 0 |
_aSufi poetry, Persian _xTranslations into English. |
|
| 700 | 1 |
_aHarvey, Andrew, _d1952- _etranslator |
|
| 700 | 0 | 2 |
_a _cMaulana, _d1207-1273. _t _kSelections. _lEnglish. _f1988. |
| 942 |
_2lcc _cBK _h6480 _iRUM _kPK |
||